| 000 | 00481nam a2200205Ia 4500 | ||
|---|---|---|---|
| 999 |
_c6071 _d6071 |
||
| 003 | 0100 | ||
| 008 | 130227s9999 xx 000 0 und d | ||
| 040 | _cARRUPELIB | ||
| 050 | _aGN484.4P573 2011 | ||
| 100 |
_aPhiri, Khofi Arthur _937823 |
||
| 245 |
_aAfrican traditional marriage: _ba christian theological appraisal |
||
| 260 |
_aNairobi _bPaulines _c2011 |
||
| 300 | _a103p. | ||
| 300 | _b 21cm. | ||
| 650 |
_aMarriage, African _937824 |
||
| 942 |
_2lcc _cMONOGRAPH |
||